Poverty and household/farmily size in Tanzania (Record no. 6958)

000 -LEADER
fixed length control field 00495nam a22001337a 4500
008 - FIXED-LENGTH DATA ELEMENTS--GENERAL INFORMATION
fixed length control field 200408b ||||| |||| 00| 0 eng d
020 ## - INTERNATIONAL STANDARD BOOK NUMBER
International Standard Book Number 0856-41831
100 ## - MAIN ENTRY--PERSONAL NAME
Personal name KAMUZORA, Lwechungura C.
245 ## - TITLE STATEMENT
Title Poverty and household/farmily size in Tanzania
Remainder of title Multiple responses to population pressure
Statement of responsibility, etc. C. Lwechungura Kamuzora and William Mkama
Medium English
260 ## - PUBLICATION, DISTRIBUTION, ETC. (IMPRINT)
Place of publication, distribution, etc. Dar Es Salaam
Name of publisher, distributor, etc. Research on Poverty Alleviation
Date of publication, distribution, etc. 2000
300 ## - PHYSICAL DESCRIPTION
Extent iii,35p.
Other physical details Illustration
Dimensions 15cm
650 ## - SUBJECT ADDED ENTRY--TOPICAL TERM
Source of heading or term Repoa
942 ## - ADDED ENTRY ELEMENTS (KOHA)
Source of classification or shelving scheme
Koha item type BOOKS

No items available.

IRDP © 2019 :: Managed by IRDP ICT Unit